Developments in biological standardization.
| New Title: | Developments in biologicals |
|---|---|
| Previous Title: | Progress in immunobiological standardization Symposia series in immunobiological standardization |
| Corporate Authors: | , |
| Format: | Serial |
| Language: | English French |
| Language Notes: | Text in English or French. |
| Published: |
Basel ; New York :
Karger,
©1974-©1999.
|
| Subjects: | |
| Online Availability: |
|
MARC
| Tag | First Indicator | Second Indicator | Subfields |
|---|---|---|---|
| LEADER | 00000cas a2200000 a 4500 | ||
| 001 | in00004453839 | ||
| 005 | 20191202121004.0 | ||
| 008 | 740820d19741999sz x0 1 a0eng d | ||
| 010 | |a sn 79004800 | ||
| 019 | |a 1072153 |a 1623748 | ||
| 022 | |a 0301-5149 | ||
| 030 | |a DVBSA3 | ||
| 035 | |a (OCoLC)00983297 | ||
| 035 | |z (UtOrBLW)1633 | ||
| 035 | |a 2746 | ||
| 040 | |a NLM |c NLM |d NSD |d DLC |d UCU |d MUL |d OCL |d SER |d RCS |d TMV |d UtOrBLW | ||
| 041 | 0 | |a eng |a fre | |
| 042 | |a nsdp |a xlc | ||
| 049 | |a [Shelved] [by Title] TMVM | ||
| 060 | 0 | 0 | |a W3 DE615E |
| 060 | 4 | |a x | |
| 069 | 1 | |a D08240000 | |
| 222 | 0 | |a Developments in biological standardization | |
| 245 | 0 | 0 | |a Developments in biological standardization. |
| 246 | 1 | 4 | |a Biological standardization |
| 246 | 1 | 0 | |a Dev Biol Stand |
| 264 | 1 | |a Basel ; |a New York : |b Karger, |c ©1974-©1999. | |
| 300 | |a 79 volumes : |b illustrations ; |c 25 cm. | ||
| 336 | |a text |2 rdacontent |b txt | ||
| 337 | |a unmediated |2 rdamedia | ||
| 338 | |a volume |2 rdacarrier |b nc | ||
| 362 | 0 | |a Vol. 23-v. 101. | |
| 500 | |a Description based on: volume 25. | ||
| 546 | |a Text in English or French. | ||
| 550 | |a Issued by: International Association of Biological Standardization, 1974-1998; issued by: International Association of Biologicals, 1999. | ||
| 580 | |a Formed by the union of Progress in immunobiological standardization and Symposia series in immunobiological standardization, and assumes the vol. numbering of the latter. | ||
| 650 | 2 | |a Allergy and Immunology. | |
| 650 | 2 | |a Microbiology. | |
| 650 | 2 | |a Vaccines. | |
| 655 | 2 | |a Congresses. | |
| 655 | 2 | |a Periodicals. | |
| 710 | 2 | |a International Association of Biological Standardization. | |
| 710 | 2 | |a International Association for Biologicals. | |
| 780 | 1 | 4 | |t Progress in immunobiological standardization |x 0079-6344 |
| 780 | 1 | 4 | |t Symposia series in immunobiological standardization |x 0082-0768 |
| 785 | 0 | 0 | |t Developments in biologicals |x 1424-6074 |w (DLC) 00252064 |w (OCoLC)43626012 |
| 948 | |a PREBOUND/ANALYZED | ||
| 999 | |a MARS | ||
| 999 | f | f | |s 56a33190-294c-3443-b0e9-3394740d87ec |i 000917cf-4c90-31d7-9440-5662a74a12bb |t 0 |
| 952 | f | f | |p ric |a Texas A&M University |b Rellis Campus |c Joint Library Facility |d Remote Storage |t 0 |h No information provided |i unmediated -- volume |k v.90 |m 3238901057825 |
| 952 | f | f | |p ric |a Texas A&M University |b Rellis Campus |c Joint Library Facility |d Remote Storage |t 0 |h No information provided |i unmediated -- volume |k v.59 |m 3238900477033 |
| 952 | f | f | |p ric |a Texas A&M University |b Rellis Campus |c Joint Library Facility |d Remote Storage |t 0 |h No information provided |i unmediated -- volume |k v.82 |m 323890105210Y |
| 952 | f | f | |p ric |a Texas A&M University |b Rellis Campus |c Joint Library Facility |d Remote Storage |t 0 |h No information provided |i unmediated -- volume |k v.70 |m 323890087348C |
| 952 | f | f | |p ric |a Texas A&M University |b Rellis Campus |c Joint Library Facility |d Remote Storage |t 0 |h No information provided |i unmediated -- volume |k v.95 |m 323890126787D |
| 952 | f | f | |p ric |a Texas A&M University |b Rellis Campus |c Joint Library Facility |d Remote Storage |t 0 |h No information provided |i unmediated -- volume |k v.49 |m 323890047694C |
| 952 | f | f | |p ric |a Texas A&M University |b Rellis Campus |c Joint Library Facility |d Remote Storage |t 0 |h No information provided |i unmediated -- volume |k v.50 |m 323890047695D |
| 952 | f | f | |p ric |a Texas A&M University |b Rellis Campus |c Joint Library Facility |d Remote Storage |t 0 |h No information provided |i unmediated -- volume |k v.75 |m 323890109686C |
| 952 | f | f | |p ric |a Texas A&M University |b Rellis Campus |c Joint Library Facility |d Remote Storage |t 0 |h No information provided |i unmediated -- volume |k v.81 |m 323890104977A |
| 952 | f | f | |p ric |a Texas A&M University |b Rellis Campus |c Joint Library Facility |d Remote Storage |t 0 |h No information provided |i unmediated -- volume |k v.93 |m 3238901265422 |
| 952 | f | f | |p ric |a Texas A&M University |b Rellis Campus |c Joint Library Facility |d Remote Storage |t 0 |h No information provided |i unmediated -- volume |k v.51 |m 323890047696E |
| 952 | f | f | |p ric |a Texas A&M University |b Rellis Campus |c Joint Library Facility |d Remote Storage |t 0 |h No information provided |i unmediated -- volume |k v.79 |m 3238901137622 |
| 952 | f | f | |p ric |a Texas A&M University |b Rellis Campus |c Joint Library Facility |d Remote Storage |t 0 |h No information provided |i unmediated -- volume |k v.80 |m 3238901036899 |
| 952 | f | f | |p ric |a Texas A&M University |b Rellis Campus |c Joint Library Facility |d Remote Storage |t 0 |h No information provided |i unmediated -- volume |k v.56 |m 3238900477011 |
| 952 | f | f | |p ric |a Texas A&M University |b Rellis Campus |c Joint Library Facility |d Remote Storage |t 0 |h No information provided |i unmediated -- volume |k v.47 |m 323890047692A |
| 952 | f | f | |p ric |a Texas A&M University |b Rellis Campus |c Joint Library Facility |d Remote Storage |t 0 |h No information provided |i unmediated -- volume |k v.73 |m 323890109669D |
| 952 | f | f | |p ric |a Texas A&M University |b Rellis Campus |c Joint Library Facility |d Remote Storage |t 0 |h No information provided |i unmediated -- volume |k v.25 |l 1974 |m 323890047686D |
| 952 | f | f | |p ric |a Texas A&M University |b Rellis Campus |c Joint Library Facility |d Remote Storage |t 0 |h No information provided |i unmediated -- volume |k v.89 |m 3238901057779 |
| 952 | f | f | |p ric |a Texas A&M University |b Rellis Campus |c Joint Library Facility |d Remote Storage |t 0 |h No information provided |i unmediated -- volume |k v.58:pt.A |m 323890078814A |
| 952 | f | f | |p ric |a Texas A&M University |b Rellis Campus |c Joint Library Facility |d Remote Storage |t 0 |h No information provided |i unmediated -- volume |k v.86 |m 323890118657A |
| 952 | f | f | |p ric |a Texas A&M University |b Rellis Campus |c Joint Library Facility |d Remote Storage |t 0 |h No information provided |i unmediated -- volume |k v.83 |m 3238901064496 |
| 952 | f | f | |p ric |a Texas A&M University |b Rellis Campus |c Joint Library Facility |d Remote Storage |t 0 |h No information provided |i unmediated -- volume |k v.72 |m 3238900932848 |
| 952 | f | f | |p ric |a Texas A&M University |b Rellis Campus |c Joint Library Facility |d Remote Storage |t 0 |h No information provided |i unmediated -- volume |k v.94 |m 3238901267389 |
| 952 | f | f | |p ric |a Texas A&M University |b Rellis Campus |c Joint Library Facility |d Remote Storage |t 0 |h No information provided |i unmediated -- volume |k v.88 |m 3238901472949 |
| 952 | f | f | |p ric |a Texas A&M University |b Rellis Campus |c Joint Library Facility |d Remote Storage |t 0 |h No information provided |i unmediated -- volume |k v.97 |m 3238901254598 |
| 952 | f | f | |p ric |a Texas A&M University |b Rellis Campus |c Joint Library Facility |d Remote Storage |t 0 |h No information provided |i unmediated -- volume |k v.65 |m 323890078685G |
| 952 | f | f | |p ric |a Texas A&M University |b Rellis Campus |c Joint Library Facility |d Remote Storage |t 0 |h No information provided |i unmediated -- volume |k v.54 |m 323890047699H |
| 952 | f | f | |p ric |a Texas A&M University |b Rellis Campus |c Joint Library Facility |d Remote Storage |t 0 |h No information provided |i unmediated -- volume |k v.31 |l 1976 |m 323890047688F |
| 952 | f | f | |p ric |a Texas A&M University |b Rellis Campus |c Joint Library Facility |d Remote Storage |t 0 |h No information provided |i unmediated -- volume |k v.33 |l 1976 |m 3238900476908 |
| 952 | f | f | |p ric |a Texas A&M University |b Rellis Campus |c Joint Library Facility |d Remote Storage |t 0 |h No information provided |i unmediated -- volume |k v.48 |m 323890047693B |
| 952 | f | f | |p ric |a Texas A&M University |b Rellis Campus |c Joint Library Facility |d Remote Storage |t 0 |h No information provided |i unmediated -- volume |k v.55 |m 3238900477000 |
| 952 | f | f | |p ric |a Texas A&M University |b Rellis Campus |c Joint Library Facility |d Remote Storage |t 0 |h No information provided |i unmediated -- volume |k v.28 |l 1975 |m 323890047687E |
| 952 | f | f | |p ric |a Texas A&M University |b Rellis Campus |c Joint Library Facility |d Remote Storage |t 0 |h No information provided |i unmediated -- volume |k v.60 |m 3238900477044 |
| 952 | f | f | |p ric |a Texas A&M University |b Rellis Campus |c Joint Library Facility |d Remote Storage |t 0 |h No information provided |i unmediated -- volume |k v.84 |m 3238901539718 |
| 952 | f | f | |p ric |a Texas A&M University |b Rellis Campus |c Joint Library Facility |d Remote Storage |t 0 |h No information provided |i unmediated -- volume |k v.76 |m 3238901137510 |
| 952 | f | f | |p ric |a Texas A&M University |b Rellis Campus |c Joint Library Facility |d Remote Storage |t 0 |h No information provided |i unmediated -- volume |k v.98 |m 3238901254734 |
| 952 | f | f | |p ric |a Texas A&M University |b Rellis Campus |c Joint Library Facility |d Remote Storage |t 0 |h No information provided |i unmediated -- volume |k v.53 |m 323890047698G |
| 952 | f | f | |p ric |a Texas A&M University |b Rellis Campus |c Joint Library Facility |d Remote Storage |t 0 |h No information provided |i unmediated -- volume |k v.74 |m 323890109783A |
| 952 | f | f | |p ric |a Texas A&M University |b Rellis Campus |c Joint Library Facility |d Remote Storage |t 0 |h No information provided |i unmediated -- volume |k v.57 |m 3238900477022 |
| 952 | f | f | |p ric |a Texas A&M University |b Rellis Campus |c Joint Library Facility |d Remote Storage |t 0 |h No information provided |i unmediated -- volume |k v.69 |m 323890084687F |
| 952 | f | f | |p ric |a Texas A&M University |b Rellis Campus |c Joint Library Facility |d Remote Storage |t 0 |h No information provided |i unmediated -- volume |k v.52 |m 323890047697F |
| 952 | f | f | |p ric |a Texas A&M University |b Rellis Campus |c Joint Library Facility |d Remote Storage |t 0 |h No information provided |i unmediated -- volume |k v.62 |m 3238900477055 |
| 952 | f | f | |p ric |a Texas A&M University |b Rellis Campus |c Joint Library Facility |d Remote Storage |t 0 |h No information provided |i unmediated -- volume |k v.99 |m 3238901254183 |
| 952 | f | f | |p ric |a Texas A&M University |b Rellis Campus |c Joint Library Facility |d Remote Storage |t 0 |h No information provided |i unmediated -- volume |k v.35 |l 1977 |m 3238900476919 |
| 952 | f | f | |p ric |a Texas A&M University |b Rellis Campus |c Joint Library Facility |d Remote Storage |t 0 |h No information provided |i unmediated -- volume |k v.77 |m 323890113041Z |
| 952 | f | f | |p ric |a Texas A&M University |b Rellis Campus |c Joint Library Facility |d Remote Storage |t 0 |h No information provided |i unmediated -- volume |k v.96 |m 3238901270697 |
| 952 | f | f | |p ric |a Texas A&M University |b Rellis Campus |c Joint Library Facility |d Remote Storage |t 0 |h No information provided |i unmediated -- volume |k v.87 |m 3238901208755 |
| 952 | f | f | |p ric |a Texas A&M University |b Rellis Campus |c Joint Library Facility |d Remote Storage |t 0 |h No information provided |i unmediated -- volume |k v.63 |m 3238900613260 |
| 952 | f | f | |p ric |a Texas A&M University |b Rellis Campus |c Joint Library Facility |d Remote Storage |t 0 |h No information provided |i unmediated -- volume |k v.32 |l 1976 |m 323890047689G |
| 952 | f | f | |p ric |a Texas A&M University |b Rellis Campus |c Joint Library Facility |d Remote Storage |t 0 |h No information provided |i unmediated -- volume |k v.68 |m 323890080033$ |
| 952 | f | f | |p ric |a Texas A&M University |b Rellis Campus |c Joint Library Facility |d Remote Storage |t 0 |h No information provided |i unmediated -- volume |k v.61 |m 323890034989F |
| 952 | f | f | |p ric |a Texas A&M University |b Rellis Campus |c Joint Library Facility |d Remote Storage |t 0 |h No information provided |i unmediated -- volume |k v.78 |m 3238901152876 |
| 952 | f | f | |p ric |a Texas A&M University |b Rellis Campus |c Joint Library Facility |d Remote Storage |t 0 |h No information provided |i unmediated -- volume |k v.101 |m 323890166591A |
| 952 | f | f | |p ric |a Texas A&M University |b Rellis Campus |c Joint Library Facility |d Remote Storage |t 0 |h No information provided |i unmediated -- volume |k v.91 |m 3238901250853 |
| 952 | f | f | |p ric |a Texas A&M University |b Rellis Campus |c Joint Library Facility |d Remote Storage |t 0 |h No information provided |i unmediated -- volume |k v.64 |l 1986 |m 323890196319B |
| 952 | f | f | |p ric |a Texas A&M University |b Rellis Campus |c Joint Library Facility |d Remote Storage |t 0 |h No information provided |i unmediated -- volume |k v.71 |m 323890092201$ |
| 952 | f | f | |p ric |a Texas A&M University |b Rellis Campus |c Joint Library Facility |d Remote Storage |t 0 |h No information provided |i unmediated -- volume |k v.85 |m 3238901186121 |
| 952 | f | f | |p ric |a Texas A&M University |b Rellis Campus |c Joint Library Facility |d Remote Storage |t 0 |h No information provided |i unmediated -- volume |k v.58:pt.B |m 323890078815B |
| 952 | f | f | |p ric |a Texas A&M University |b Rellis Campus |c Joint Library Facility |d Remote Storage |t 0 |h No information provided |i unmediated -- volume |k v.66 |m 323890078764E |
| 952 | f | f | |p ric |a Texas A&M University |b Rellis Campus |c Joint Library Facility |d Remote Storage |t 0 |h No information provided |i unmediated -- volume |k v.92 |m 3238901251630 |
| 952 | f | f | |p ric |a Texas A&M University |b Rellis Campus |c Joint Library Facility |d Remote Storage |t 0 |h No information provided |i unmediated -- volume |k v.67 |m 323890078859J |
| 952 | f | f | |p ric |a Texas A&M University |b Rellis Campus |c Joint Library Facility |d Remote Storage |t 0 |h No information provided |i unmediated -- volume |k v.100 |m 3238901665909 |
| 998 | f | f | |s v.25,v.28,v.31-v.33,v.35,v.47-v.101 |t 0 |l Remote Storage |